Geografia con le lettere "W Y Z" - Statistics

Statistiche generali
  • Questo quiz è stato fatto 56 volte
    34 dall'ultimo reset
  • Il punteggio medio è 21 su 39
Statistiche sulle risposte
Suggerimento Risposta % Corretto
W: Stato con capitale Olympia (USA) Washington
100%
W: Capitale degli Stati Uniti Washington D.C.
100%
W: Capitale della Nuova Zelanda Wellington
96%
Y: Paese con capitale Sana'a Yemen
96%
Z: Capitale della Croazia Zagabria
96%
Z: Paese con capitale Lusaka Zambia
96%
Z: Isola che diede il natale a Foscolo (Grecia) Zante
93%
Z: Paese con capitale Harare Zimbabwe
93%
Z: Città più popolosa della Svizzera Zurigo
93%
Y: Parco nazionale più antico al mondo (USA) Yellowstone
86%
Z: Arcipelago noto come meta turistica (Tanzania) Zanzibar
86%
W: Quartiere di Londra noto per ospitare il Parlamento e Buckingham Palace Westminster
75%
Z: Precedente nome della Repubblica Democratica del Congo Zaire
71%
W: Stato con capitale Charleston (USA) West Virginia
68%
Y: Capitale del Camerun Yaoundé
68%
W: Stato con capitale Madison (USA) Wisconsin
64%
W: Stato con capitale Cheyenne (USA) Wyoming
64%
Y: Stato penisola noto per ospitare Chichén Itzá (Messico) Yucatán
61%
Z: Comune noto per gli impanti sciistici (Svizzera) Zermatt
61%
W: Cittadina nota per il suo Castello Residenza ufficiale del Sovrano del Regno Unito Windsor
54%
W: Città d'inizio per il COVID-19 (Cina) Wuhan
54%
Y: Storica regione più estesa del Regno Unito Yorkshire
50%
Z: Fiume africano più lungo che sfocia nell'Oceano Indiano, noto per le sue Cascate Vittoria Zambesi
50%
Y: Capitale della Costa d'Avorio Yamoussoukro
39%
Y: Terzo Parco Nazionale più esteso degli USA, noto per la sua gigantesca roccia: Half Dome Yosemite
36%
W: Capitale della Namibia Windhoek
32%
W: Capoluogo della regione Manitoba (Canada) Winnipeg
32%
Y: Capitale di Nauru Yaren
32%
Z: Città nota per la Centrale Nucleare più grande d'Europa (Ucraina) Zaporizhzhia
32%
W: Arcipelago d'oltremare nell'Oceano Pacifico (Francia) Wallis e Futuna
25%
Y: Città più fredda al mondo; Siberia (Russia) Yakutsk
25%
Y: Seconda città più popolosa del Giappone Yokohama
21%
Y: Regione che confina con l'Alaska (Canada) Yukon
18%
W: Città più popolosa del Kansas Wichita
14%
W: Città nota per ospitare una delle Cattedrali delle "5 grandi sedi" delle chiese anglicane (Regno Unito) Winchester
14%
Y: Città più popolosa della Birmania (Ex capitale) Yangon
14%
Z: Piccolo Cantone noto per la bassa tassazione (Svizzera) Zugo
11%
W: Capoluogo della regione Assia (Germania) Wiesbaden
7%
W: Città più popolosa del Delaware Wilmington
7%
Nessun quiz corrispondente trovato
Distribuzione punteggi
Percentuale di utenti per punteggio
Percentile per numero di risposta
I tuoi punteggi nel tempo
Non hai fatto questo quiz dall'ultimo reset